Movies Quiz

Random Movies or Oscar Quiz

Best Animated Oscars Quiz Stats

 Plays Quiz Updated Apr 25, 2021

Support Sporcle.
Go Orange.
Score 0/20 Timer 04:00
0 Plays Today
Year Film % Correct
2013Frozen
83%
2019Toy Story 4
77.7%
2001Shrek
76.2%
2003Finding Nemo
75.4%
2008WALL-E
71.4%
2020Soul
64.6%
2015Inside Out
62.7%
2012Brave
62.3%
2004The Incredibles
61.3%
2017Coco
60.8%
Year Film % Correct
2016Zootopia
56.2%
2009Up
55.7%
2018Spider-Man: Into the Spiderverse
49.8%
2010Toy Story 3
49.2%
2007Ratatouille
47%
2014Big Hero 6
44.1%
2002Spirited Away
35.7%
2011Rango
26.5%
2005Wallace & Gromit: The Curse of the Were-Rabbit
25.6%
2006Happy Feet
18.4%

From the Vault

States That Border Missouri

by patrickray

Geography 60s
We are sorry if all this quiz does is bring you Missouri.
Remove Ads.
Support Sporcle.
Get the best of Sporcle when you Go Orange. This ad-free experience offers more features, more stats, and more fun while also helping to support Sporcle. Thank you for becoming a member.

Show Comments

Extras

Top Quizzes Today


Score Distribution

Your Account Isn't Verified!

In order to create a playlist on Sporcle, you need to verify the email address you used during registration. Go to your Sporcle Settings to finish the process.

Report this User

Report this user for behavior that violates our Community Guidelines.

Details: